00594nam a22001697a 4500003000400000005001700004008004100021040001000062050002800072100002700100245013400127260004200261300000800303650003800311650003400349650004100383OSt20260623093627.0260623b |||||||| |||| 00| 0 eng d cchuka aTHE QA 329.2b.M38 2025 aTeresia Njeri Mbuthia aQuasi-similarity properties on 0-operations , partial isometries, operators and k-skew (n,m) binormal operators in hilbert spaces achuka-kenyabchuka- universityc20245 a95p a1. spectral theory....mathematics a2. isometrics ....mathematics a3. quasi..... similarity mathematics